00329nam a2200109 4500020001500000082001500015100001800030245007500048260002600123300000800149650006200157 a0471252891 a511.66 KAP aKaplan Wlfred aMaxima And Miima With Applications:Practicla Optimization and Quality aNew YorkbWileyc1999 a284 aMaxima and MinimaaMathematical OptimizationaMathematics